NHL Teams - Statistics

General Stats
  • This quiz has been taken 24 times
  • The average score is 26 of 32
Answer Stats
Answer % Correct
Vancouver Canucks
95%
Boston Bruins
89%
Detroit Red Wings
89%
Edmonton Oilers
89%
Minnesota Wild
89%
Montreal Canadiens
89%
Philadelphia Flyers
89%
Toronto Maple Leafs
89%
Anaheim Ducks
84%
Arizona Coyotes
84%
Buffalo Sabres
84%
Calgary Flames
84%
Dallas Stars
84%
Los Angeles Kings
84%
New Jersey Devils
84%
Ottawa Senators
84%
Pittsburgh Penguins
84%
Carolina Hurricanes
79%
Chicago Blackhawks
79%
New York Islanders
79%
Seattle Kraken
79%
Colorado Avalanche
74%
Florida Panthers
74%
Nashville Predators
74%
New York Rangers
74%
Washington Capitals
74%
Winnipeg Jets
74%
Columbus Blue Jackets
68%
San Jose Sharks
68%
St. Louis Blues
68%
Tampa Bay Lightning
68%
Las Vegas Golden Knights
53%
No matching quizzes found
Score Distribution
Percent of People with Each Score
Percentile by Number Answered
Your Score History
You have not taken this quiz